Central Library OPAC University of Rajshahi

Some aspects of psychology / (Record no. 29565)

MARC details
000 -LEADER
fixed length control field 00752nam a22002652 4500
001 - CONTROL NUMBER
control field 29565
003 - CONTROL NUMBER IDENTIFIER
rucl marc code BD-RjUL
005 - DATE AND TIME OF LATEST TRANSACTION
control field 20211209051428.0
008 - FIXED-LENGTH DATA ELEMENTS--GENERAL INFORMATION
fixed length control field 140403s1936 enk 001 0 eng
035 ## - SYSTEM CONTROL NUMBER
System control number (BD-RjUL)29650
040 ## - CATALOGING SOURCE
Original cataloging agency DLC
Transcribing agency ABC
Modifying agency BD-RjUL
Language of cataloging eng
041 ## - LANGUAGE CODE
Language code of text/sound track or separate title eng
082 00 - DEWEY DECIMAL CLASSIFICATION NUMBER
Classification number 150
Author mark and year ROS V-1 1936
100 1# - MAIN ENTRY--PERSONAL NAME
Personal name Rosling, Beatrice.
9 (RLIN) 90102
245 10 - TITLE STATEMENT
Title Some aspects of psychology /
Statement of responsibility, etc. by Beatrice Rosling.
Number of part/section of a work Volume I
260 ## - PUBLICATION, DISTRIBUTION, ETC. (IMPRINT)
Place of publication, distribution, etc. London :
Name of publisher, distributor, etc. Rider and Co.,
Date of publication, distribution, etc. 1936.
300 ## - PHYSICAL DESCRIPTION
Pagination 282 p. ;
Size 22 cm.
500 ## - GENERAL NOTE
General note Author's note in manuscript on lining-paper.
504 ## - BIBLIOGRAPHY, ETC. NOTE
Bibliography, etc Includes index.
650 #0 - SUBJECT ADDED ENTRY--TOPICAL TERM
Topical term or geographic name as entry element Psychology.
9 (RLIN) 90103
Topical term or geographic name as entry element Psychology, Religious.
9 (RLIN) 90104
942 ## - ADDED ENTRY ELEMENTS (KOHA)
Source of classification or shelving scheme Dewey Decimal Classification
Koha item type Books
Holdings
Lost status Source of classification or shelving scheme Damaged status Not for loan Collection code Permanent Location Current Location Shelving location Date acquired Source of acquisition Cost, normal purchase price Total Checkouts Full call number Date last seen Copy number Koha item type
  Dewey Decimal Classification   Added to bundle Non-fiction Central Library, University of Rajshahi Central Library, University of Rajshahi Reading Room 06/03/1956 B. H. Blackwell 0.76   150 ROS V-1 1936 03/04/2014 C-1 Books